| 000 | 00604cam a22001814a 4500 | ||
|---|---|---|---|
| 008 | 080822s2008 gw a b 001 0 eng | ||
| 020 | _a9783906390536 (pbk.) | ||
| 020 | _a3906390535 (pbk.) | ||
| 050 | 0 | 0 |
_aRM301.55 _b.T478 2008 |
| 082 | 0 | 0 | _a615.7 |
| 100 | 1 | _aTesta, Bernard. | |
| 245 | 1 | 4 |
_aThe biochemistry of drug metabolism : _bprinciples, redox reactions, hydrolyses / _cBernard Testa, Stefanie D. Krämer. |
| 260 |
_aWeinheim ; _aChichester : _bWiley-VCH, _c2008. |
||
| 300 |
_axiii, 319 p. : _bill. (some col.) ; |
||
| 650 | 0 |
_aDrugs _xMetabolism. |
|
| 700 | 1 | _aKrämer, Stefanie D. | |
| 942 | _cBK | ||
| 999 |
_c2358 _d2358 |
||